Reliability and validity assessment

Αποθηκεύτηκε σε:
Λεπτομέρειες βιβλιογραφικής εγγραφής
Κύριος συγγραφέας: Carmines, Edward G.
Άλλοι συγγραφείς: Zeller, Richard A.
Μορφή: Βιβλίο
Γλώσσα:English
Δημοσίευση: Newbury Park : Sage Publications, c1979
Σειρά:Sage university papers series. Quantitative applications in the social sciences ; ; 17
Θέματα:
Ετικέτες: Προσθήκη ετικέτας
Δεν υπάρχουν, Καταχωρήστε ετικέτα πρώτοι!

MARC

LEADER 00000nam a2200000 i 4500
001 1/18368
008 981015s1979 eng d
020 |a 0-8039-1371-0 
035 |l 10020890 
040 |a GR-MY-UA  |b gre  |e aacr 
041 0 |a eng 
082 0 |a 300.18 
100 1 |a Carmines, Edward G. 
245 1 0 |a Reliability and validity assessment /  |c Edward G. Carmines and Richard A. Zeller 
260 |a Newbury Park :   |b Sage Publications,   |c c1979 
300 |a 71 p. 
490 1 |a Sage university papers series. Quantitative applications in the social sciences  |v ; 17 
504 |a Bibliography: p. 55-57 
650 0 0 |a Social sciences  |x Methodology. 
650 0 0 |a Social sciences  |x Statistical methods. 
700 1 |a Zeller, Richard A. 
830 0 |a Sage university papers series. Quantitative applications in the social sciences ;  |v ; 17 
852 |a INST  |b LESVOS  |e 19981015  |h 300.18 CAR  |p 005100018477  |q 005100018477  |t BK  |y 0 
901 |a BIBL-1999-1 
909 |a Λ  |b 059502 
922 |a 1ΕΛΗ  |b 199809  |c ΚΠΣ/ΤΓ  |d ΠΑΠΑΣΩΤΗΡΙΟΥ 
950 |a 118-1998-07-23